| 000 | 00000nis##2200000za#4500 |
| 001 | 9.514134 |
| 003 | CaOODSP |
| 005 | 20200331211916 |
| 007 | sd |||g||||||| |
| 008 | 150406c2009||||xxc||#p|q||||f| |0fre|d |
| 040 | |aCaOODSP|bfre |
| 043 | |an-cn--- |
| 086 | 1 |aCi1-11F-DC |
| 110 | 1 |aCanada. |bCitoyenneté et immigration Canada. |
| 245 | 10|aDécouvrir le Canada : |h[enregistrement sonore]|bles droits et responsabilités liés à la citoyenneté |
| 260 | |aOttawa - Ontario : |bCitoyenneté et Immigration Canada |
| 310 | |aIrrégulier |
| 691 | 07|aCitoyenneté|2gcpds |
| 775 | 08|tDiscover Canada : |w(CaOODSP)9.515815 |
| 776 | 0#|tDécouvrir le Canada : |w(CaOODSP)9.503183 |
| 776 | 0#|tDécouvrir le Canada : |w(CaOODSP)9.514078 |
| 776 | 0#|tDécouvrir le Canada : |w(CaOODSP)9.514129 |
| 776 | 0#|tDécouvrir le Canada : |w(CaOODSP)9.502730 |